Chimie organique : v1 : Structure des molécules. - v2. Réactions. - v3. Applications (Record no. 12654)
[ view plain ]
| 000 -LEADER | |
|---|---|
| fixed length control field | 00829 a2200313 4500 |
| 035 ## - SYSTEM CONTROL NUMBER | |
| System control number | 9572 |
| 035 ## - SYSTEM CONTROL NUMBER | |
| System control number | 9574 |
| 035 ## - SYSTEM CONTROL NUMBER | |
| System control number | 03425 |
| 020 ## - NUMERO INTERNATIONAL NORMALISE DES LIVRES | |
| International Standard Book Number | 2-7042-0095-5 |
| 020 ## - NUMERO INTERNATIONAL NORMALISE DES LIVRES | |
| International Standard Book Number | 2-7042-0096-3 |
| 020 ## - NUMERO INTERNATIONAL NORMALISE DES LIVRES | |
| International Standard Book Number | 2-7042-0097 |
| 100 ## - VEDETTE PRINCIPALE - NOM DE PERSONNE | |
| Personal name | NORMAN, L. [et al.] |
| 130 ## - VEDETTE PRINCIPALE - TITRE UNIFORME | |
| Language of a work | Fr. |
| 260 ## - PUBLICATION, DISTRIBUTION, ETC. (IMPRINT) | |
| Place of publication, distribution, etc | Paris |
| 260 ## - PUBLICATION, DISTRIBUTION, ETC. (IMPRINT) | |
| Name of publisher, distributor, etc | McGraw-Hill |
| 245 ## - TITLE STATEMENT | |
| Title | Chimie organique : v1 : Structure des molécules. - v2. Réactions. - v3. Applications |
| 260 ## - PUBLICATION, DISTRIBUTION, ETC. (IMPRINT) | |
| Date of publication, distribution, etc | 1987 |
| 250 ## - EDITION STATEMENT | |
| Edition statement | 10e tir. |
| 300 ## - PHYSICAL DESCRIPTION | |
| Extent | 3 v. |
| 300 ## - PHYSICAL DESCRIPTION | |
| Other physical details | fig. ; 27 cm |
| 500 ## - GENERAL NOTE | |
| General note | Titre original : organic chemistry. - Index à la fin des vol. |
| 650 ## - SUBJECT ADDED ENTRY--TOPICAL TERM | |
| Topical term or geographic name as entry element | Chimie organique |
| Withdrawn status | Lost status | Damaged status | Not for loan | Location (home branch) | Sublocation or collection (holding branch) | Date acquired | Koha issues (times borrowed) | Koha full call number | Koha date last seen | Price effective from | Koha item type |
|---|---|---|---|---|---|---|---|---|---|---|---|
| Bibliothèque Ecole Polytechnique d'Abomey-Calavi | Bibliothèque Ecole Polytechnique d'Abomey-Calavi | 27/02/2009 | 547.0202/C538 | 27/02/2009 | 27/02/2009 | Livre |